Państwa Ameryki Północnej w kolejności alfabetycznej - Statystyki

Ogólne statystyki
  • Ten quiz został rozwiązany 18 razy
  • Średni wynik to 21 z 23
Odpowiedzi na mapie
Odpowiedzi zakodowano w zielono-czerwonej skali na mapie do tego quizu, zgodnie z poniższymi procentami.
 
Statystyki odpowiedzi
Państwo % Poprawnych
Bahamy
100%
Antigua i Barbuda
94%
Barbados
94%
Belize
94%
Gwatemala
94%
Honduras
94%
Jamajka
94%
Kanada
94%
Kostaryka
94%
Kuba
94%
Meksyk
94%
Dominika
88%
Dominikana
88%
Grenada
88%
Haiti
88%
Nikaragua
88%
Panama
88%
Salwador
88%
Stany Zjednoczone
88%
Saint Lucia
81%
Saint Vincent i Grenadyny
81%
Trynidad i Tobago
81%
Saint Kitts i Nevis
75%
Nie znaleziono quizów pasujących do podanych kryteriów
Rozkład punktacji
Procent ludzi z każdym wynikiem
Percentyl według liczby udzielonych odpowiedzi
Twoja historia wyników
Nie rozwiązałeś tego quizu